00385nam a2200157Ia 4500008004100000041000800041082001200049100001600061245004200077250001100119260003700130300001100167440000700178650002300185999001900208230724s2006 xx 000 0 und d aeng a342/SIN aSinghvi L M aJagadish Swarup Constitution of India a2nd Ed aAllahabadbModern Law Pub.c2006 a2488p. vII aCONSTITUTIONAL LAW c746721d746721